[Event "Manitoba Closed"]
[Site "Winnipeg CAN"]
[Date "2025.08.09"]
[Round "3.3"]
[White "Babb, Jeff"]
[Black "Orcullo, Fernando"]
[Result "0-1"]
[WhiteElo "2046"]
[BlackElo "1919"]
[WhiteFideId "-1"]
[WhiteFideId "-1"]
[PlyCount "176"]
[GameId "2226455322581373"]
[EventDate "2025.08.08"]
[EventType "swiss"]
[EventRounds "5"]
[EventCountry "CAN"]

1. f4 d5 2. Nf3 Bf5 3. c3 e6 4. Qb3 b6 5. g3 Bd6 6. d3 Nf6 7. Bg2 Nbd7 8. O-O O-O 9. Nh4 c6 10. Qc2 Rc8 11. e4 dxe4 12. dxe4 Bc5+ 13. Kh1 Bg4 14. Nd2 Be2 15. Re1 Ba6 16. Nb3 Be7 17. Nf3 Nc5 18. Nxc5 Bxc5 19. Ne5 Qc7 20. Be3 Bd6 21. Nf3 Ng4 22. Bg1 c5 23. h3 Nh6 24. e5 Be7 25. g4 Bb7 26. Ng5 g6 27. Ne4 Bxe4 28. Bxe4 Bh4 29. Rf1 Kh8 30. Bh2 Ng8 31. g5 h5 32. Qe2 Ne7 33. f5 exf5 34. Bxf5 Nxf5 35. Rxf5 gxf5 36. Qxh5+ Kg8 37. Qxh4 Qc6+ 38. Kg1 Rcd8 39. Bf4 Rd3 40. Rf1 Rfd8 41. Kh2 Qe4 42. Qe1 Rf3 43. Qxe4 fxe4 44. Rxf3 exf3 45. Kg3 Rd3 46. Kf2 c4 47. Be3 Rd5 48. Bd4 Rb5 49. Kxf3 Rxb2 50. a3 Rb3 51. Ke4 Rxa3 52. Kd5 Ra4 53. h4 b5 54. Kc6 a6 55. h5 Ra2 56. g6 fxg6 57. hxg6 Kg7 58. e6+ Kxg6 59. Kd6 Rg2 60. Kd7 Re2 61. Bc5 Kg7 62. Bd4+ Kg6 63. Bc5 Re4 64. Bb4 Re2 65. Bc5 a5 66. e7 Kf7 67. Kc6 Rb2 68. Kd7 Re2 69. Kc6 b4 70. cxb4 axb4 71. Bxb4 Rxe7 72. Kd5 Rc7 73. Kd4 Ke6 74. Ba5 Rc8 75. Bb4 Kf5 76. Bc3 Kf4 77. Ba5 Kf3 78. Bb4 Ke2 79. Kc3 Ke3 80. Be7 Ke4 81. Bf6 Kd5 82. Kc2 Rf8 83. Bg7 Rf7 84. Bc3 Rf2+ 85. Kc1 Ke4 86. Ba5 Kd3 87. Bb6 Rh2 88. Ba5 c3 0-1

[Event "Manitoba Closed"]
[Site "Winnipeg CAN"]
[Date "2025.08.09"]
[Round "3.4"]
[White "Protsyuk, Svitlana"]
[Black "Zhou, Joe"]
[Result "1-0"]
[WhiteElo "2055"]
[BlackElo "1926"]
[WhiteFideId "-1"]
[WhiteFideId "-1"]
[PlyCount "25"]
[GameId "2226455322585470"]
[EventDate "2025.08.08"]
[EventType "swiss"]
[EventRounds "5"]
[EventCountry "CAN"]

1. e4 c5 2. c3 Nf6 3. e5 Nd5 4. d4 Nc6 5. Bc4 Nb6 6. Bxf7+ Kxf7 7. dxc5 Nxe5 8. Qh5+ Ng6 9. cxb6 Qxb6 10. Nf3 e6 11. Ng5+ Kg8 12. Qf3 h6 13. Qf7# 1-0

[Event "Manitoba Closed"]
[Site "Winnipeg CAN"]
[Date "2025.08.09"]
[Round "3.5"]
[White "Bayangat, Arjie"]
[Black "Gres, Yakiv"]
[Result "1-0"]
[WhiteElo "2092"]
[BlackElo "2004"]
[WhiteFideId "-1"]
[WhiteFideId "-1"]
[PlyCount "87"]
[GameId "2226455322585471"]
[EventDate "2025.08.08"]
[EventType "swiss"]
[EventRounds "5"]
[EventCountry "CAN"]

1. e4 e5 2. Nf3 Nc6 3. Bc4 Nf6 4. d3 Bc5 5. O-O d6 6. h3 Na5 7. Bb5+ c6 8. Ba4 b5 9. Bb3 Nxb3 10. axb3 O-O 11. Nc3 Re8 12. Ne2 Nh5 13. Bg5 f6 14. Be3 Bxe3 15. fxe3 Qb6 16. Qd2 Nf4 17. Ng3 d5 18. Kh2 Ng6 19. Nf5 c5 20. Qf2 a5 21. N3h4 Nxh4 22. Qxh4 Bxf5 23. Rxf5 d4 24. Rh5 h6 25. Rf1 a4 26. Rxh6 Kf7 27. Qh5+ Ke7 28. Rg6 Rg8 29. exd4 cxd4 30. Qg4 Kf7 31. Qh5 Kf8 32. Qxe5 Ra6 33. Qd5 Qd6+ 34. Qxd6+ Rxd6 35. e5 Rc6 36. exf6 Rxc2 37. fxg7+ Ke7 38. bxa4 bxa4 39. Ra6 Rc7 40. Rxa4 Rxg7 41. Rxd4 Rc2 42. Re1+ Kf8 43. Rd8+ Kf7 44. Rd7+ 1-0

[Event "Manitoba Closed"]
[Site "Winnipeg CAN"]
[Date "2025.08.09"]
[Round "3.6"]
[White "Nagelberg, Alan"]
[Black "Hamm, Gabriel"]
[Result "0-1"]
[WhiteElo "2017"]
[BlackElo "1999"]
[WhiteFideId "-1"]
[WhiteFideId "-1"]
[PlyCount "72"]
[GameId "2226455322589568"]
[EventDate "2025.08.08"]
[EventType "swiss"]
[EventRounds "5"]
[EventCountry "CAN"]

1. c4 Nf6 2. Nc3 e5 3. g3 Bb4 4. e4 O-O 5. Nge2 Nc6 6. a3 Bxc3 7. Nxc3 d6 8. Bg2 Be6 9. d3 Re8 10. O-O Nd4 11. f4 Bg4 12. Qa4 a6 13. Rb1 b5 14. cxb5 axb5 15. Qxd4 exd4 16. Nxb5 Be2 17. Nxd4 Bxf1 18. Kxf1 c5 19. Nc6 Qc7 20. e5 dxe5 21. Nxe5 Rad8 22. Bd2 Rxe5 23. fxe5 Qxe5 24. Bc3 Qf5+ 25. Kg1 Qxd3 26. Re1 Re8 27. Rxe8+ Nxe8 28. Bc6 Nd6 29. a4 Ne4 30. Bxe4 Qxe4 31. a5 Qa4 32. Kg2 f5 33. h4 g6 34. Kh3 Kf7 35. Kg2 Qg4 36. Kh2 f4 0-1

[Event "Manitoba Closed"]
[Site "Winnipeg CAN"]
[Date "2025.08.09"]
[Round "3.7"]
[White "Bonness, Will"]
[Black "Klusa, Mark"]
[Result "0-1"]
[WhiteElo "1968"]
[BlackElo "2210"]
[WhiteFideId "-1"]
[WhiteFideId "-1"]
[PlyCount "50"]
[GameId "2226455322589569"]
[EventDate "2025.08.08"]
[EventType "swiss"]
[EventRounds "5"]
[EventCountry "CAN"]

1. e4 c6 2. Nc3 d5 3. Nf3 e6 4. d4 Nd7 5. e5 a6 6. Ne2 c5 7. c3 Ne7 8. Ng3 c4 9. Be2 b5 10. a3 Bb7 11. O-O Qb6 12. Be3 Ng6 13. Qd2 Be7 14. Bg5 f6 15. exf6 gxf6 16. Be3 h5 17. Bd1 h4 18. Ne2 O-O-O 19. Bc2 Rdg8 20. Nf4 Nxf4 21. Bxf4 e5 22. dxe5 d4 23. cxd4 Bxf3 24. g3 fxe5 25. dxe5 hxg3 0-1

[Event "Manitoba Closed"]
[Site "Winnipeg CAN"]
[Date "2025.08.09"]
[Round "3.8"]
[White "Bilugan, Mason"]
[Black "Anderson, Collin"]
[Result "1/2-1/2"]
[WhiteElo "1954"]
[BlackElo "2205"]
[WhiteFideId "-1"]
[WhiteFideId "-1"]
[PlyCount "75"]
[GameId "2226455322589570"]
[EventDate "2025.08.08"]
[EventType "swiss"]
[EventRounds "5"]
[EventCountry "CAN"]

1. d4 Nf6 2. c4 e6 3. Nf3 d5 4. cxd5 exd5 5. Nc3 Be7 6. Bg5 O-O 7. e3 c6 8. Bd3 Bg4 9. h3 Bh5 10. g4 Bg6 11. Ne5 Ne4 12. Bxe7 Qxe7 13. Qc2 Nxc3 14. Nxg6 fxg6 15. bxc3 Nd7 16. O-O h5 17. Bxg6 hxg4 18. hxg4 Qg5 19. Bf5 Nf6 20. f4 Qh4 21. Qh2 Qxh2+ 22. Kxh2 g6 23. Be6+ Kg7 24. Rab1 b6 25. g5 Ne4 26. Rfc1 Rad8 27. Kg2 Rfe8 28. Bg4 Nd2 29. Kf2 Nxb1 30. Rxb1 Rh8 31. Bf3 Rde8 32. Rb4 Rh2+ 33. Bg2 Rxg2+ 34. Kxg2 Rxe3 35. Ra4 a5 36. c4 Kf7 37. c5 bxc5 38. dxc5 1/2-1/2

[Event "Manitoba Closed"]
[Site "Winnipeg CAN"]
[Date "2025.08.09"]
[Round "3.9"]
[White "Gerona, Joshua"]
[Black "Pottinger, Carl"]
[Result "1-0"]
[WhiteElo "1952"]
[BlackElo "1710"]
[WhiteFideId "-1"]
[WhiteFideId "-1"]
[PlyCount "57"]
[GameId "2226455322593667"]
[EventDate "2025.08.08"]
[EventType "swiss"]
[EventRounds "5"]
[EventCountry "CAN"]

1. e4 c5 2. Nf3 d6 3. d4 cxd4 4. Nxd4 Nf6 5. Nc3 g6 6. Be3 Bg7 7. f3 O-O 8. Bc4 Nc6 9. Qd2 Bd7 10. O-O-O Rb8 11. h4 Ne5 12. Bb3 b5 13. Bh6 Nc4 14. Qg5 Na5 15. h5 e5 16. hxg6 Nxb3+ 17. Nxb3 fxg6 18. Bxg7 Kxg7 19. Qh6+ Kg8 20. Rxd6 Rf7 21. Nd5 Nxd5 22. Rxg6+ Kh8 23. exd5 Bf5 24. Rd6 Qc7 25. Rc6 Qe7 26. d6 Qe8 27. Rc7 Rc8 28. g4 Rcxc7 29. dxc7 1-0

[Event "Manitoba Closed"]
[Site "Winnipeg CAN"]
[Date "2025.08.10"]
[Round "4.1"]
[White "Orcullo, Fernando"]
[Black "Baragar, Fletcher"]
[Result "1/2-1/2"]
[WhiteElo "1919"]
[BlackElo "2256"]
[WhiteFideId "-1"]
[WhiteFideId "-1"]
[PlyCount "176"]
[GameId "2226455322593668"]
[EventDate "2025.08.08"]
[EventType "swiss"]
[EventRounds "5"]
[EventCountry "CAN"]

1. e4 c5 2. c4 Nc6 3. d3 g6 4. Nc3 Bg7 5. g3 d6 6. Bg2 e6 7. Nge2 Nge7 8. O-O O-O 9. Bg5 h6 10. Be3 Nd4 11. Qd2 Kh7 12. Rad1 a6 13. f4 f5 14. Rf2 Rb8 15. h3 b5 16. cxb5 axb5 17. Bxd4 cxd4 18. Nb1 Bd7 19. Qb4 Qb6 20. e5 Qc5 21. Qxc5 dxc5 22. Rc1 Rfc8 23. b3 Bf8 24. Nd2 Nc6 25. Bxc6 Bxc6 26. g4 Bd5 27. Kh2 Ra8 28. Kg3 Rc6 29. Rc2 Rca6 30. Nc1 Be7 31. Nf3 Ra3 32. h4 fxg4 33. Kxg4 Rf8 34. Kg3 Rf7 35. Nd2 Rf8 36. Rh2 Rc8 37. Ne2 Rc6 38. h5 g5 39. Rf2 Ra7 40. Nf3 g4 41. Kxg4 Rc8 42. Nh4 Bxh4 43. Kxh4 Rg7 44. f5 exf5 45. Nf4 Rg4+ 46. Kh3 Bf7 47. e6 Be8 48. Nd5 Rg5 49. Rg2 Rxh5+ 50. Kg3 f4+ 51. Nxf4 Rg5+ 52. Kh4 Rf5 53. Rcf2 Rc7 54. Rg4 Rg7 55. Nh3 Re5 56. Rf6 Rxg4+ 57. Kxg4 Kg7 58. Rf5 Rxe6 59. Rxc5 Re3 60. Nf4 Bd7+ 61. Kh5 Be8+ 62. Kh4 Rf3 63. Rf5 Re3 64. Rc5 Re1 65. Rd5 Ra1 66. Rxd4 Rxa2 67. Ne6+ Kf6 68. Nc7 Bf7 69. b4 Rh2+ 70. Kg3 Rh5 71. Kf3 Re5 72. Kf4 Rf5+ 73. Ke3 Re5+ 74. Re4 Rh5 75. d4 Rh3+ 76. Kf2 Rh2+ 77. Kg3 Rb2 78. Nxb5 Rxb4 79. Rf4+ Kg5 80. Nd6 Rb3+ 81. Rf3 Rxf3+ 82. Kxf3 Bd5+ 83. Kg3 h5 84. Nb5 h4+ 85. Kh3 Be6+ 86. Kh2 Kf4 87. Nc3 Ke3 88. d5 Bxd5 1/2-1/2

[Event "Manitoba Closed"]
[Site "Winnipeg CAN"]
[Date "2025.08.10"]
[Round "4.2"]
[White "Bayangat, Arjie"]
[Black "Riquelme, Martin"]
[Result "1-0"]
[WhiteElo "2092"]
[BlackElo "2155"]
[WhiteFideId "-1"]
[WhiteFideId "-1"]
[PlyCount "162"]
[GameId "2226455322593669"]
[EventDate "2025.08.08"]
[EventType "swiss"]
[EventRounds "5"]
[EventCountry "CAN"]

1. e4 c5 2. Nf3 d6 3. d4 cxd4 4. Nxd4 Nf6 5. f3 e5 6. Nb3 Nc6 7. Be3 Be6 8. c4 a6 9. Nc3 Na5 10. Nd5 Bxd5 11. cxd5 Nxb3 12. Qxb3 Qd7 13. a4 Be7 14. Be2 O-O 15. O-O Nh5 16. Rfc1 Nf4 17. Bf1 Rac8 18. a5 Rxc1 19. Rxc1 Rc8 20. Rc4 Rxc4 21. Qxc4 Bd8 22. Bb6 Ng6 23. g3 Kf8 24. b3 Ke8 25. h4 Ne7 26. Kh2 Qc8 27. Qa4+ Qd7 28. Qb4 Bxb6 29. axb6 Qd8 30. Bxa6 Nc8 31. Bxb7 Nxb6 32. Qb5+ Ke7 33. Qc6 Nd7 34. Bc8 Nb6 35. Bh3 Qb8 36. b4 Kd8 37. Bf1 Qc7 38. Qb5 Qc2+ 39. Kg1 Qc7 40. Kf2 Qc2+ 41. Be2 Qc7 42. Qa5 Nc8 43. Bb5 Qb6+ 44. Ke2 Kc7 45. Kd3 Kb8 46. Qxb6+ Nxb6 47. f4 f6 48. fxe5 fxe5 49. Ke3 Kc7 50. Kf3 Nc8 51. Kg4 Ne7 52. Be8 Kb6 53. Kg5 Kc7 54. Bb5 Kb6 55. Be2 Kc7 56. Bg4 Kb6 57. Be2 Kc7 58. Bh5 Kb6 59. Be8 Kc7 60. Bb5 Kb6 61. Bd7 Kc7 62. Bf5 h6+ 63. Kh5 Kb6 64. Bd7 Kc7 65. Ba4 Kb6 66. g4 Kc7 67. g5 hxg5 68. Kxg5 Kb6 69. h5 Kc7 70. Bd1 Kb6 71. Be2 Kc7 72. Bg4 Kd8 73. Be6 Kc7 74. h6 gxh6+ 75. Kxh6 Kb6 76. Kg7 Kb5 77. Kf6 Nxd5+ 78. Bxd5 Kxb4 79. Ke6 Kc5 80. Ba8 d5 81. Bxd5 Kd4 1-0

[Event "Manitoba Closed"]
[Site "Winnipeg CAN"]
[Date "2025.08.10"]
[Round "4.3"]
[White "Valentino, Marcos"]
[Black "Protsyuk, Svitlana"]
[Result "1-0"]
[Annotator "aboro"]
[WhiteElo "1986"]
[BlackElo "2055"]
[WhiteFideId "-1"]
[WhiteFideId "-1"]
[PlyCount "99"]
[GameId "2226455322601862"]
[EventDate "2025.08.08"]
[EventType "swiss"]
[EventRounds "5"]
[EventCountry "CAN"]

1. Nf3 c5 2. g3 Nc6 3. Bg2 g6 4. c4 Bg7 5. Nc3 d6 6. O-O e5 7. d3 h6 8. h3 Be6 9. Bd2 Qd7 10. Kh2 f5 11. e4 Nge7 12. Nd5 g5 13. Ng1 f4 14. Bc3 Nd4 15. Rb1 h5 16. b4 g4 17. Bxd4 cxd4 18. h4 f3 19. Nxf3 gxf3 20. Bxf3 Bf7 21. a4 Nxd5 22. exd5 Bf6 23. Rc1 Qd8 24. Rh1 Bg6 25. Kg2 Rc8 26. c5 dxc5 27. bxc5 Qa5 28. c6 bxc6 29. dxc6 Rc7 30. Re1 Bf7 31. Kh2 Ke7 32. Rb1 Bd5 33. Rb7 Rxb7 34. Bxd5 Rb2 35. Bg2 Qd2 36. Qa1 Ra2 37. Qxd4 Qxe1 38. Qd7+ Kf8 39. c7 Rc2 40. c8=Q+ Rxc8 41. Qxc8+ Kg7 42. Qd7+ Kf8 43. Qxa7 Qb4 44. a5 Bd8 45. a6 Bb6 46. Qb8+ Kg7 47. Qxe5+ Kf7 48. Bd5+ Kg6 49. Qg5+ Kh7 50. Be4+ 1-0

[Event "Manitoba Closed"]
[Site "Winnipeg CAN"]
[Date "2025.08.10"]
[Round "4.4"]
[White "Punay, Rhailey"]
[Black "Hamm, Gabriel"]
[Result "0-1"]
[WhiteElo "1915"]
[BlackElo "1999"]
[WhiteFideId "-1"]
[WhiteFideId "-1"]
[PlyCount "60"]
[GameId "2226455322605959"]
[EventDate "2025.08.08"]
[EventType "swiss"]
[EventRounds "5"]
[EventCountry "CAN"]

1. e4 e5 2. Nf3 Nc6 3. Bc4 Bc5 4. c3 Nf6 5. d4 exd4 6. e5 d5 7. Bb5 Ne4 8. cxd4 Bb6 9. Nc3 O-O 10. Be3 Bg4 11. h3 Bh5 12. Qc2 Nxc3 13. bxc3 f6 14. exf6 Qxf6 15. Be2 Rae8 16. O-O Bg6 17. Qb3 Bf7 18. Bb5 Na5 19. Qc2 Bg6 20. Qa4 c6 21. Be2 Bc7 22. Ne5 b6 23. Nxg6 Qxg6 24. Rfe1 Qd6 25. Bd3 Qh2+ 26. Kf1 Qh1+ 27. Ke2 Qxg2 28. Kd2 Rxf2+ 29. Bxf2 Qxf2+ 30. Be2 Nc4+ 0-1

[Event "Manitoba Closed"]
[Site "Winnipeg CAN"]
[Date "2025.08.10"]
[Round "4.5"]
[White "Klusa, Mark"]
[Black "Babb, Jeff"]
[Result "0-1"]
[WhiteElo "2210"]
[BlackElo "2046"]
[WhiteFideId "-1"]
[WhiteFideId "-1"]
[PlyCount "130"]
[GameId "2226455322610056"]
[EventDate "2025.08.08"]
[EventType "swiss"]
[EventRounds "5"]
[EventCountry "CAN"]

1. e4 d5 2. exd5 Qxd5 3. Nc3 Qd6 4. d4 Nf6 5. Nf3 c6 6. Ne5 Nbd7 7. Nc4 Qc7 8. a4 Nb6 9. a5 Nxc4 10. Bxc4 Bg4 11. Ne2 e6 12. c3 Bd6 13. h3 Bf5 14. Bd3 Bxd3 15. Qxd3 O-O 16. O-O e5 17. Qf3 e4 18. Qf5 Qd7 19. Qxd7 Nxd7 20. Bf4 Bxf4 21. Nxf4 Nf6 22. c4 Rad8 23. Rfd1 g5 24. Ne2 Rfe8 25. Ra3 Kg7 26. Rg3 h6 27. Nc3 Nh5 28. Re3 f5 29. d5 Nf6 30. d6 Re5 31. b4 c5 32. b5 Ne8 33. f3 Rxd6 34. fxe4 Rxd1+ 35. Nxd1 Rxe4 36. Rxe4 fxe4 37. Nc3 Nd6 38. Na4 Nxc4 39. Nxc5 Nxa5 40. Nxe4 Nc4 41. Kf2 a6 42. Nc5 axb5 43. Nxb7 Kf6 44. Nc5 Ke5 45. Nd3+ Kd4 46. Ke2 Ne3 47. Ne1 Nd5 48. g3 Kc3 49. h4 gxh4 50. gxh4 b4 51. Nd3 b3 52. Nf2 b2 53. Nd1+ Kc2 54. Nxb2 Kxb2 55. Kf3 Kc3 56. Kg4 Ne7 57. Kh5 Ng8 58. Kg6 Kd4 59. Kg7 Ke5 60. Kxg8 h5 61. Kg7 Kf5 62. Kf7 Kg4 63. Ke6 Kxh4 64. Ke5 Kg3 65. Ke4 h4 0-1

[Event "Manitoba Closed"]
[Site "Winnipeg CAN"]
[Date "2025.08.10"]
[Round "4.6"]
[White "Anderson, Collin"]
[Black "Zhou, Joe"]
[Result "1-0"]
[WhiteElo "2205"]
[BlackElo "1926"]
[WhiteFideId "-1"]
[WhiteFideId "-1"]
[PlyCount "99"]
[GameId "2226455322610057"]
[EventDate "2025.08.08"]
[EventType "swiss"]
[EventRounds "5"]
[EventCountry "CAN"]

1. e4 c5 2. c3 Nf6 3. e5 Nd5 4. Nf3 Nc6 5. Bc4 Nb6 6. Bb3 c4 7. Bc2 d6 8. exd6 Qxd6 9. h3 Qe6+ 10. Qe2 Qxe2+ 11. Kxe2 Bd7 12. a4 e6 13. a5 Nd5 14. d4 cxd3+ 15. Bxd3 a6 16. g3 Bd6 17. Nbd2 O-O 18. Nc4 Bc7 19. Rd1 Rad8 20. Be3 Nxe3 21. Kxe3 e5 22. Nb6 Be6 23. b4 h6 24. g4 Rfe8 25. Be4 g6 26. g5 h5 27. Nd5 Bxd5 28. Rxd5 Rxd5 29. Bxd5 Kg7 30. Bxc6 bxc6 31. Rd1 Re7 32. Ke4 f5+ 33. gxf6+ Kxf6 34. h4 Ke6 35. c4 Re8 36. Ne1 Rb8 37. Nd3 Bd6 38. Nc5+ Bxc5 39. bxc5 Rb4 40. Rd6+ Ke7 41. Rxc6 Rxc4+ 42. Kxe5 Rxh4 43. Rxg6 Rc4 44. Kd5 Rc2 45. Rxa6 Rxf2 46. Rh6 Ra2 47. a6 h4 48. a7 h3 49. Rh8 h2 50. Rxh2 1-0

[Event "Manitoba Closed"]
[Site "Winnipeg CAN"]
[Date "2025.08.10"]
[Round "4.7"]
[White "Bilugan, Mason"]
[Black "Nagelberg, Alan"]
[Result "1-0"]
[WhiteElo "1954"]
[BlackElo "2017"]
[WhiteFideId "-1"]
[WhiteFideId "-1"]
[PlyCount "69"]
[GameId "2226455322614154"]
[EventDate "2025.08.08"]
[EventType "swiss"]
[EventRounds "5"]
[EventCountry "CAN"]

1. e4 g6 2. d4 Bg7 3. c4 d6 4. Nc3 e5 5. Nf3 Nd7 6. Be2 exd4 7. Nxd4 Ngf6 8. O-O O-O 9. Be3 a5 10. a3 Nc5 11. f3 a4 12. Ndb5 Nfd7 13. Qc2 Nb6 14. Rad1 Qe7 15. Bf4 Rd8 16. Rfe1 Be6 17. Nd5 Nxd5 18. cxd5 Bc8 19. Bf1 g5 20. Bg3 g4 21. f4 c6 22. dxc6 bxc6 23. Nxd6 Nb3 24. e5 c5 25. Bc4 Rxd6 26. exd6 Qd8 27. Bxb3 Bd4+ 28. Bf2 axb3 29. Qxb3 Qxd6 30. Bxd4 cxd4 31. Qb4 Qc6 32. Rc1 Qd5 33. Re8+ Kg7 34. Qf8+ Kg6 35. Qg8+ 1-0

[Event "Manitoba Closed"]
[Site "Winnipeg CAN"]
[Date "2025.08.10"]
[Round "4.8"]
[White "Gres, Yakiv"]
[Black "Gerona, Joshua"]
[Result "1/2-1/2"]
[WhiteElo "2004"]
[BlackElo "1952"]
[WhiteFideId "-1"]
[WhiteFideId "-1"]
[PlyCount "98"]
[GameId "2226455322614155"]
[EventDate "2025.08.08"]
[EventType "swiss"]
[EventRounds "5"]
[EventCountry "CAN"]

1. e4 e5 2. Nc3 Nc6 3. Bc4 Nf6 4. Nf3 Nxe4 5. Nxe4 d5 6. Bd3 dxe4 7. Bxe4 Bd6 8. c3 f5 9. Bxc6+ bxc6 10. d4 e4 11. Ng5 Qf6 12. O-O O-O 13. f3 Ba6 14. Rf2 h6 15. fxe4 hxg5 16. e5 Bxe5 17. dxe5 Qxe5 18. Bxg5 f4 19. Qa4 Qxg5 20. Qxa6 Qc5 21. Raf1 Rae8 22. Kh1 g5 23. Qd3 Kg7 24. Qd7+ Re7 25. Qg4 Qf5 26. Qxf5 Rxf5 27. g3 Re4 28. h4 gxh4 29. gxf4 Kf6 30. Kg2 Rh5 31. Rd1 Rd5 32. Rfd2 Kf5 33. Rxd5+ cxd5 34. Rxd5+ Kxf4 35. Kh3 Ke3 36. Rc5 Kd2 37. Rxc7 a5 38. Rb7 Kc2 39. Rb5 a4 40. Rb4 Re3+ 41. Kxh4 a3 42. bxa3 Rxc3 43. a4 Ra3 44. Rf4 Kb2 45. Kg4 Re3 46. a5 Ka3 47. Kf5 Re8 48. Re4 Ra8 49. Re5 Ka4 1/2-1/2

[Event "Manitoba Closed"]
[Site "Winnipeg CAN"]
[Date "2025.08.10"]
[Round "4.9"]
[White "Pottinger, Carl"]
[Black "Bonness, Will"]
[Result "1-0"]
[WhiteElo "1710"]
[BlackElo "1968"]
[WhiteFideId "-1"]
[WhiteFideId "-1"]
[PlyCount "117"]
[GameId "2226455322618252"]
[EventDate "2025.08.08"]
[EventType "swiss"]
[EventRounds "5"]
[EventCountry "CAN"]

1. d4 d5 2. Nf3 Nf6 3. Bf4 c5 4. e3 Nc6 5. Nbd2 cxd4 6. exd4 Bf5 7. c3 e6 8. Qb3 Qc8 9. h3 h6 10. Ne5 Be7 11. Be2 O-O 12. O-O Nxe5 13. Bxe5 Nd7 14. Bh2 Bd8 15. Nf3 Bc7 16. Rad1 Bxh2+ 17. Nxh2 a6 18. Bd3 Bxd3 19. Rxd3 b5 20. Rg3 Nf6 21. Qd1 Ne4 22. Re3 Qd8 23. Nf3 Nd6 24. Ne5 Nc4 25. Re2 Nd6 26. g3 Ne4 27. Kg2 Qg5 28. Nf3 Qe7 29. Nd2 Nd6 30. f4 f5 31. Nf3 Ne4 32. Ne5 Kh7 33. Re3 Rg8 34. Kh2 Rac8 35. g4 g6 36. Qe2 Rcf8 37. Ref3 Rg7 38. Rg1 Rfg8 39. Rg2 Qa7 40. Nd3 Qe7 41. Nc5 Qd6 42. Nd3 Ng5 43. Rf1 Ne4 44. Ne5 Qc7 45. a3 Qb7 46. Rfg1 Qe7 47. Qe3 Qc7 48. Qd3 Qb7 49. Qc2 Qc7 50. a4 b4 51. cxb4 Qb6 52. Qc6 Qxd4 53. Qxe6 Nd2 54. b5 Qxf4+ 55. Kh1 axb5 56. axb5 fxg4 57. Nxg4 Ne4 58. Qxd5 Qf3 59. Qxe4 1-0

[Event "Manitoba Closed"]
[Site "Winnipeg CAN"]
[Date "2025.08.10"]
[Round "5.1"]
[White "Baragar, Fletcher"]
[Black "Valentino, Marcos"]
[Result "1-0"]
[WhiteElo "2256"]
[BlackElo "1986"]
[WhiteFideId "-1"]
[WhiteFideId "-1"]
[PlyCount "111"]
[GameId "2226455322618253"]
[EventDate "2025.08.08"]
[EventType "swiss"]
[EventRounds "5"]
[EventCountry "CAN"]

1. d4 Nf6 2. c4 d6 3. Nc3 c6 4. e4 e5 5. Nf3 Bg4 6. Be2 Nbd7 7. O-O Be7 8. Be3 O-O 9. Qc2 h6 10. Rfd1 Qc7 11. Rab1 a5 12. dxe5 dxe5 13. Nh4 Be6 14. Nf5 Bxf5 15. exf5 Bc5 16. Qc1 Bxe3 17. Qxe3 Qb6 18. Na4 Qxe3 19. fxe3 Rfd8 20. Rd3 Nf8 21. Rbd1 Rxd3 22. Rxd3 N8d7 23. c5 Kf8 24. e4 Ke7 25. Bf3 Ra7 26. Kf2 Kd8 27. g4 Kc7 28. h4 Nh7 29. Be2 f6 30. Bd1 Nhf8 31. Bb3 Ra8 32. Be6 Rd8 33. a3 Nb8 34. Rxd8 Kxd8 35. Bc4 Nbd7 36. b4 axb4 37. axb4 Kc7 38. Be6 b6 39. Bxd7 Nxd7 40. cxb6+ Nxb6 41. Nc5 Nd7 42. Nxd7 Kxd7 43. Ke3 c5 44. Kd3 cxb4 45. Kc4 b3 46. Kxb3 Kc6 47. Kc4 Kd6 48. Kb5 Kc7 49. Kc5 Kd7 50. Kd5 Ke7 51. Kc6 h5 52. gxh5 Kf7 53. Kd7 Kg8 54. Ke7 Kh7 55. Kf7 Kh6 56. Kg8 1-0

[Event "Manitoba Closed"]
[Site "Winnipeg CAN"]
[Date "2025.08.10"]
[Round "5.2"]
[White "Hamm, Gabriel"]
[Black "Bayangat, Arjie"]
[Result "0-1"]
[WhiteElo "1999"]
[BlackElo "2092"]
[WhiteFideId "-1"]
[WhiteFideId "-1"]
[PlyCount "66"]
[GameId "2226455322622350"]
[EventDate "2025.08.08"]
[EventType "swiss"]
[EventRounds "5"]
[EventCountry "CAN"]

1. e4 Nf6 2. e5 Nd5 3. d4 d6 4. c4 Nb6 5. f4 g6 6. Be3 Bg7 7. Nf3 O-O 8. Be2 Bg4 9. O-O dxe5 10. fxe5 c5 11. dxc5 N6d7 12. Nc3 Nc6 13. Qb3 Na5 14. Qa4 Nc6 15. Rad1 Qb8 16. b4 Ndxe5 17. Nxe5 Qxe5 18. Rd3 Bxe2 19. Nxe2 Rad8 20. Rfd1 Rxd3 21. Rxd3 Qe4 22. Ra3 Rd8 23. b5 Ne5 24. Ng3 Qb1+ 25. Kf2 Ng4+ 26. Kf3 Nxh2+ 27. Kf2 Ng4+ 28. Kf3 h5 29. Qb3 Qe1 30. Ne4 Nh2+ 31. Kf4 Bh6+ 32. Ng5 Qh4+ 33. Ke5 Bg7# 0-1

[Event "Manitoba Closed"]
[Site "Winnipeg CAN"]
[Date "2025.08.10"]
[Round "5.3"]
[White "Riquelme, Martin"]
[Black "Babb, Jeff"]
[Result "1/2-1/2"]
[WhiteElo "2155"]
[BlackElo "2046"]
[WhiteFideId "-1"]
[WhiteFideId "-1"]
[PlyCount "90"]
[GameId "2226455322622351"]
[EventDate "2025.08.08"]
[EventType "swiss"]
[EventRounds "5"]
[EventCountry "CAN"]

1. e4 d5 2. exd5 Qxd5 3. Nc3 Qd6 4. d4 Nf6 5. Nf3 c6 6. Ne5 Nbd7 7. Bf4 Nd5 8. Nxd5 Qxd5 9. Qd3 Nxe5 10. Bxe5 f6 11. Bg3 Bf5 12. c4 Bxd3 13. cxd5 Bxf1 14. Rxf1 cxd5 15. Rc1 e6 16. Ke2 Bb4 17. Rc7 O-O 18. Rxb7 Ba5 19. Rc1 Bb6 20. Kd3 Rf7 21. Rb8+ Rxb8 22. Bxb8 Rb7 23. Bd6 Kf7 24. b3 Rd7 25. Rc6 h5 26. a4 Rb7 27. Rc8 Kg6 28. b4 e5 29. dxe5 fxe5 30. Bxe5 Bxf2 31. Bd6 Be1 32. b5 Bf2 33. Bc5 Rf7 34. Bxf2 Rxf2 35. Rc2 Rf4 36. Ra2 Rb4 37. Kc3 Re4 38. Kb3 Re7 39. Rd2 Rd7 40. Kb4 Kf5 41. Kc5 Ke4 42. Kc6 Rd8 43. Kb7 Rd7+ 44. Kc6 Rd8 45. Kb7 Rd7+ 1/2-1/2

[Event "Manitoba Closed"]
[Site "Winnipeg CAN"]
[Date "2025.08.10"]
[Round "5.4"]
[White "Punay, Rhailey"]
[Black "Anderson, Collin"]
[Result "0-1"]
[WhiteElo "1915"]
[BlackElo "2205"]
[WhiteFideId "-1"]
[WhiteFideId "-1"]
[PlyCount "74"]
[GameId "2226455322622352"]
[EventDate "2025.08.08"]
[EventType "swiss"]
[EventRounds "5"]
[EventCountry "CAN"]

1. e4 c5 2. Nf3 Nc6 3. d4 cxd4 4. Nxd4 Nf6 5. Nc3 e5 6. Ndb5 d6 7. Nd5 Nxd5 8. exd5 Ne7 9. c4 Ng6 10. Qa4 Bd7 11. Qb4 Qb8 12. h4 a6 13. Nc3 Be7 14. h5 a5 15. Qa3 Nh4 16. Na4 b6 17. Be3 Nf5 18. Nxb6 Nxe3 19. Qxe3 Ra7 20. b3 O-O 21. Nxd7 Rxd7 22. g4 Qb4+ 23. Qd2 Ra7 24. Bd3 Bg5 25. Qxb4 axb4 26. a4 bxa3 27. Kd1 a2 28. Be4 Bd8 29. Ke2 Bb6 30. Rhd1 Bd4 31. Rxd4 exd4 32. Kd3 Rb8 33. Kxd4 Rxb3 34. f4 h6 35. Bc2 Rg3 36. c5 dxc5+ 37. Kxc5 Rc7+ 0-1

[Event "Manitoba Closed"]
[Site "Winnipeg CAN"]
[Date "2025.08.10"]
[Round "5.5"]
[White "Protsyuk, Svitlana"]
[Black "Bilugan, Mason"]
[Result "1/2-1/2"]
[WhiteElo "2055"]
[BlackElo "1954"]
[WhiteFideId "-1"]
[WhiteFideId "-1"]
[PlyCount "38"]
[GameId "2226455322626449"]
[EventDate "2025.08.08"]
[EventType "swiss"]
[EventRounds "5"]
[EventCountry "CAN"]

1. e4 e6 2. d4 d5 3. exd5 exd5 4. c4 Nc6 5. Nf3 Nf6 6. Nc3 Bb4 7. Be2 dxc4 8. Bxc4 O-O 9. O-O Bg4 10. Be3 Ba5 11. h3 Bh5 12. g4 Bg6 13. Ne5 Bb6 14. Nxc6 bxc6 15. f4 Re8 16. Bf2 Be4 17. Re1 Bd5 18. Rxe8+ Qxe8 19. Nxd5 cxd5 1/2-1/2